Umelá inteligencia v ASR kandidátska dizertačná práca
Guardado en:
| Autor principal: | |
|---|---|
| Autor Corporativo: | |
| Otros Autores: | |
| Formato: | Libro |
| Lenguaje: | eslovaco |
| Publicado: |
Bratislava
1989
|
| Etiquetas: |
Sin Etiquetas, Sea el primero en etiquetar este registro!
|
MARC
| LEADER | 00000nam a2200000 4500 | ||
|---|---|---|---|
| 001 | c027892 | ||
| 005 | 20260108100446.6 | ||
| 041 | 0 | |a slo | |
| 044 | |a SK | ||
| 245 | 1 | 0 | |a Umelá inteligencia v ASR |b kandidátska dizertačná práca |c Juraj Sipko ; ved. práce Milan Polončák |
| 264 | 1 | |a Bratislava |c 1989 | |
| 300 | |a 145 s. | ||
| 100 | 1 | |a Sipko, Juraj | |
| 700 | 1 | |a Polončák, Milan | |
| 710 | 2 | |a Vysoká škola ekonomická v Bratislave. Fakulta riadenia | |